Electric machinery and transformers (Record no. 440)

000 -LEADER
fixed length control field 00469nam a2200193 4500
001 - CONTROL NUMBER
control field 440
003 - CONTROL NUMBER IDENTIFIER
control field BD-DhUET
008 - FIXED-LENGTH DATA ELEMENTS--GENERAL INFORMATION
fixed length control field 140721b xxu||||| |||| 00| 0 eng d
020 ## - INTERNATIONAL STANDARD BOOK NUMBER
International Standard Book Number 81203007755
040 ## - CATALOGING SOURCE
Transcribing agency 0
Modifying agency BD-DhUET
082 ## - DEWEY DECIMAL CLASSIFICATION NUMBER
Classification number 623.1042
Item number KOS/1991
100 ## - MAIN ENTRY--PERSONAL NAME
Personal name Kosow, Irving L.
245 ## - TITLE STATEMENT
Title Electric machinery and transformers
250 ## - EDITION STATEMENT
Edition statement 2nd ed.
260 ## - PUBLICATION, DISTRIBUTION, ETC. (IMPRINT)
Place of publication, distribution, etc. New Delhi
Name of publisher, distributor, etc. Prentice-Hall
Date of publication, distribution, etc. 1991
300 ## - PHYSICAL DESCRIPTION
Extent xiv,626p.
650 #0 - SUBJECT ADDED ENTRY--TOPICAL TERM
Topical term or geographic name as entry element Electric machinery
942 ## - ADDED ENTRY ELEMENTS (KOHA)
Koha item type General Book
Holdings
Koha issues (times borrowed) Withdrawn status Price effective from Piece designation (barcode) Copy number Not for loan Source of classification or shelving scheme Shelving location Lost status Date acquired Koha date last borrowed Sublocation or collection (holding branch) Koha date last seen Location (home branch) Koha item type Koha normalized classification for sorting Damaged status Koha full call number
  2014-07-211036801  Circulation section 2014-07-21 Central Library, BUET2014-07-21Central Library, BUETGeneral Book623_104200000000000_KOS_1991 623.1042/KOS/1991
  2014-07-211036812  Circulation section 2014-07-21 Central Library, BUET2016-12-07Central Library, BUETGeneral Book623_104200000000000_KOS_1991 623.1042/KOS/1991
1 2014-07-211036823  Circulation section 2014-07-212021-12-05Central Library, BUET2021-12-15Central Library, BUETGeneral Book623_104200000000000_KOS_1991 623.1042/KOS/1991
  2014-07-211036834  Circulation section 2014-07-21 Central Library, BUET2014-07-21Central Library, BUETGeneral Book623_104200000000000_KOS_1991 623.1042/KOS/1991
  2014-07-211036845  Circulation section 2014-07-21 Central Library, BUET2014-07-21Central Library, BUETGeneral Book623_000000000000000_1042KOS199 623.1042/KOS/1991
  2014-07-211036856  Circulation section 2014-07-21 Central Library, BUET2014-07-21Central Library, BUETGeneral Book623_104200000000000_KOS_1991 623.1042/KOS/1991
  2014-07-211036867  Circulation section 2014-07-21 Central Library, BUET2014-07-21Central Library, BUETGeneral Book623_104200000000000_KOS_1991 623.1042/KOS/1991
  2014-07-211036888  Circulation section 2014-07-21 Central Library, BUET2016-11-29Central Library, BUETGeneral Book623_000000000000000_1042KOS199 623.1042/KOS/1991
  2014-07-211036899  Circulation section 2014-07-21 Central Library, BUET2017-03-11Central Library, BUETGeneral Book623_104200000000000_KOS_1991 623.1042/KOS/1991